Diagnostico y tratamiento de las enfermedades endocrinas en la infancia y adolescencia / (Record no. 140987)

MARC details
000 -LEADER
campo de control de longitud fija 01008nam a22002411 4500
001 - NÚMERO DE CONTROL
campo de control 140987
003 - IDENTIFICADOR DE NÚMERO DE CONTROL
campo de control ES-MaACL
005 - FECHA Y HORA DE LA ÚLTIMA TRANSACCIÓN
campo de control 20230906200209.0
007 - CAMPO FIJO DE DESCRIPCIÓN FÍSICA--INFORMACIÓN GENERAL
campo de control de longitud fija t|
008 - DATOS DE LONGITUD FIJA--INFORMACIÓN GENERAL
campo de control de longitud fija 070918s1966 sp ||||0| spa d
016 7# - NÚMERO DE CONTROL DE UNA AGENCIA BIBLIOGRÁFICA NACIONAL
Número de control cancelado/no válido IND2000945651
040 ## - FUENTE DE CATALOGACIÓN
Centro catalogador/agencia de origen M-BN
Lengua de catalogación spa
Centro/agencia transcriptor CDM
080 ## - NÚMERO DE LA CLASIFICACIÓN DECIMAL UNIVERSAL
Número de la Clasificación Decimal Universal 616.4-053.2(02)
100 1# - ENTRADA PRINCIPAL--NOMBRE DE PERSONA
Nombre de persona Wilkins, Lawson.
9 (RLIN) 116858
245 10 - MENCIÓN DEL TÍTULO
Título Diagnostico y tratamiento de las enfermedades endocrinas en la infancia y adolescencia /
Mención de responsabilidad, etc. por Lawson Wilkins... ; con la colaboración de Robert M. Blizzard... y Claude J. Migeon... ; [traducida por el Dr. Juan Ramón Masoliver Masoliver... [et al.] ; traducción revisada por el Dr. José Mª Tresanchez Trías.
260 ## - PUBLICACIÓN, DISTRIBUCIÓN, ETC.
Lugar de publicación, distribución, etc. Barcelona :
Nombre del editor, distribuidor, etc. Espax,
Fecha de publicación, distribución, etc. [1966]
300 ## - DESCRIPCIÓN FÍSICA
Extensión XLII p., 1 h., 643 p. :
Otras características físicas il. n. y col ;
Dimensiones 29 cm.
650 #4 - PUNTO DE ACCESO ADICIONAL DE MATERIA--TÉRMINO DE MATERIA
Término de materia o nombre geográfico como elemento de entrada Endocrinología pediátrica.
9 (RLIN) 12248
700 1# - ENTRADA AGREGADA--NOMBRE PERSONAL
Nombre de persona Migeon, Claude J.
9 (RLIN) 80983
700 1# - ENTRADA AGREGADA--NOMBRE PERSONAL
Nombre de persona Masoliver Masoliver, Juan Ramón.
9 (RLIN) 78750
700 1# - ENTRADA AGREGADA--NOMBRE PERSONAL
Nombre de persona Blizzar, Robert M.
9 (RLIN) 29499
852 ## - LOCALIZACIÓN
Ubicación ES-MaACL
Número de control de estantería C-29535
Sublocalización o colección R.60027
Holdings
Estatus retirado Estado de pérdida Estado de daño No para préstamo Biblioteca de origen Biblioteca actual Ubicación en estantería Fecha de adquisición Fuente de adquisición Total de préstamos Signatura topográfica completa Código de barras Visto por última vez Precio de reemplazo Tipo de ítem Koha
        Biblioteca del Ateneo de Madrid Biblioteca del Ateneo de Madrid Depósito 2 17/01/2008     C-29535 1146703 23/02/2023 23/02/2023 Libro impreso